| 000 | 00890nam a2200289 i 4500 | ||
|---|---|---|---|
| 001 | 4336 | ||
| 005 | 20260309214731.0 | ||
| 008 | 160601s2000 mx gs 000 0 spa d | ||
| 020 | _a9700721027 | ||
| 020 | _a9789700721026 | ||
| 040 |
_aCO-BoRNBP _bspa _cCO-BoRNBP _erda |
||
| 041 | 0 | _aspa | |
| 084 | _aN ZOL1 | ||
| 100 | 1 |
_aZola, Emile, _d1840-1902 _eautora _959558 |
|
| 245 | 1 | 0 |
_aLa taberna _cEmilio Zola ; prólogo de Guy de Maupassant |
| 250 | _aCuarta edición | ||
| 264 | 1 |
_aMéxico _bPorrúa _c2000 |
|
| 300 |
_a269 páginas _c22 cm |
||
| 336 |
_atexto _btxt _2rdacontent |
||
| 337 |
_asin mediación _bn _2rdamedia |
||
| 338 |
_avolumen _bnc _2rdacarrier |
||
| 490 | _aSepan cuantos... | ||
| 650 | 1 | 4 |
_aNovela francesa _ySiglo XIX _2LEMB _92315 |
| 650 | 1 | 4 |
_aLiteratura francesa _ySiglo XIX _2LEMB _92316 |
| 650 | 1 | 4 |
_aProblemas sociales _vNovela _2LEMB _960127 |
| 942 |
_2loc _cBKLIT |
||
| 999 |
_c4336 _d4336 |
||